000
00221nam a22001097a 4500
082
_a
623.045TAY
100
_a
Taylor
245
_a
Introduction marine engineering
260
_a
London
_c
1983
300
_a
360
942
_c
BK
999
_c
15017
_d
15017